LEADER 00733nam0-22002651i-450- 001 990004000110403321 005 20040217102040.0 035 $a000400011 035 $aFED01000400011 035 $a(Aleph)000400011FED01 035 $a000400011 100 $a20040217d1954----km-y0itay50------ba 101 0 $aita 200 1 $aOspedali e assistenza sanitaria$fS. Tomaselli 210 $aTorino$cTip. Torinese$d1954 215 $a2 v. (XXVII, 742 p.)$dIll.$d25 cm 610 0 $aOspedali 700 1$aTomaselli,$bSalvatore$05792 801 0$aIT$bUNINA$gRICA$2UNIMARC 901 $aBK 912 $a990004000110403321 952 $a15 F/8-55$fDINID 959 $aDINID 996 $aOspedali e assistenza sanitaria$9471752 997 $aUNINA LEADER 01677nam0 22003733i 450 001 LO10071149 005 20251003044206.0 020 $aIT$b585931 100 $a20110615d1958 ||||0itac50 ba 101 | $aita 102 $ait 181 1$6z01$ai $bxxxe 182 1$6z01$an 200 1 $aAspetti e problemi dello sviluppo economico$fMario Talamona 210 $aMilano$cMondo economico$d1958 215 $a194 p.$d21 cm. 606 $aSviluppo economico$2FIR$3CFIC013228$9E 676 $a338.9$9SVILUPPO ECONOMICO$v23 676 $a338.900904$9SVILUPPO ECONOMICO. 1900-1999$v21 686 $aSe.i.13.0$cStoria dell'economia italiana. 1948-1962. Lo sviluppo repressivo$2F 686 $aSe.i.13.10$cStoria dell'economia italiana. 1948-1962. Lo sviluppo industriale$2F 686 $aX09.0$cSCIENZE ECONOMICO-SOCIALI$2R 686 $aX09.2$cSTORIA DEL PENSIERO ECONOMICO$2R 696 $aCrescita economica 699 $aSviluppo economico$yCrescita economica 700 1$aTalamona$b, Mario$3CFIV092919$4070$083359 801 3$aIT$bIT-000000$c20110615 850 $aIT-BN0095 901 $bNAP 01$cPOZZO LIB.$nVi sono collocati fondi di economia, periodici di ingegneria e scienze, periodici di economia e statistica e altri fondi comprendenti documenti di economia pervenuti in dono. 912 $aLO10071149 950 0$aBiblioteca Centralizzata di Ateneo$b1 v.$c1 v.$d 01POZZO LIB.F. PARRAVICINI 426$e 0101 0600162735E VMA 1 v. (Precedente collocazione P 417)$fB $h20221103$i20221103 977 $a 01 996 $aAspetti e problemi dello sviluppo economico$92950752 997 $aUNISANNIO LEADER 01928nas 2200625-a 450 001 9910893181403321 005 20260218110706.0 035 $a(CKB)991042753990066 035 $a(CONSER)sn-98018175- 035 $a(DE-599)ZDB2972263-9 035 $a(DE-599)2972263-9 035 $a(EXLCZ)99991042753990066 100 $a19950103a19939999 --- b 101 0 $ager 181 $ctxt$2rdacontent 182 $cc$2rdamedia 183 $acr$2rdacarrier 200 00$aAbhandlungen und Berichte für Naturkunde /$fMuseum für Naturkunde Magdeburg 210 $aMagdeburg $cDas Museum$d1993- 215 $a1 online resource 311 08$aPrint version: Abhandlungen und Berichte für Naturkunde / 0945-7658 (DLC)sn 98018175 (OCoLC)31820568 531 $aABH BER NATKD 606 $aNatural history$vPeriodicals 606 $aNatural history$zGermany$zMagdeburg$vPeriodicals 606 $aNatural history$2fast$3(OCoLC)fst01034268 606 $aBotanik$2gnd 606 $aGeologie$2gnd 606 $aNatur$2gnd 606 $aNaturgeschichte$gFach$2gnd 606 $aPaläontologie$2gnd 606 $aVor- und Frühgeschichte$2gnd 606 $aZeitschrift$2gnd 606 $aZoologie$2gnd 607 $aGermany$zMagdeburg$2fast 607 $aBezirk Magdeburg$2gnd 608 $aPeriodicals.$2fast 608 $aZeitschrift.$2gnd 615 0$aNatural history 615 0$aNatural history 615 7$aNatural history. 615 7$aBotanik. 615 7$aGeologie. 615 7$aNatur. 615 7$aNaturgeschichte 615 7$aPaläontologie. 615 7$aVor- und Frühgeschichte. 615 7$aZeitschrift. 615 7$aZoologie. 676 $a506 712 02$aMuseum fu?r Naturkunde Magdeburg. 906 $aJOURNAL 912 $a9910893181403321 920 $aexl_impl conversion 996 $aAbhandlungen und Berichte für Naturkunde$94241624 997 $aUNINA